| 000 | 00663nam a2200217Ia 4500 | ||
|---|---|---|---|
| 003 | GCL | ||
| 008 | 140319s9999 xx 000 0 ara d | ||
| 040 |
_aGCL / _cGCL |
||
| 082 | 0 | 4 |
_a384.558 _bف م |
| 100 | 1 | _aفائز جرمط فيصل | |
| 245 | 1 | 0 |
_aمسجل الصورة / _cفائز جرمط فيصل |
| 700 | 1 | _aالخفاجى , شهاب الدين احمد بن م | |
| 260 |
_a[S.N] : _bمطبعة العمال المركزية ، _c1986 |
||
| 300 | _a127 ص | ||
| 490 | _a | ||
| 650 | 0 | 4 | _aالفيديو |
| 650 | 0 | 4 | _aاشرطة التسجيل |
| 650 | 0 | 4 | _aاشرطة الفيديو |
| 650 | 0 | 4 | _aاجهزة التسجيل |
| 942 |
_2ddc _cBK |
||
| 999 |
_c53811 _d53811 |
||